LEADER 00951nam0 2200301 450 001 000017631 005 20090210123212.0 010 $a0333495462 100 $a20081015d1990----km-y0itay50------ba 101 0 $aeng 102 $aGB 105 $ay-------001yy 200 1 $aCapital theory$ethe new Palgrave$fedited by John Eatwell, Murray Milgate, Peter Newman 210 $aLondon$cMacmillan$d1990 215 $aXIV, 274 p.$d25 cm 225 2 $aMacmillan reference books 410 0$12001$aMacmillan reference books 500 10$aCapital theory$956689 610 1 $aCapitale$aTeorie 676 $a338.521$v20$9Economia generale della produzione. Teoria dei prezzi 702 1$aEatwell,$bJohn$4070 702 1$aMilgate,$bMurray$4070 702 1$aNewman,$bPeter$4070 801 0$aIT$bUNIPARTHENOPE$c20081015$gRICA$2UNIMARC 912 $a000017631 951 $a022/190$b119-L-V$cNAVA2 996 $aCapital theory$956689 997 $aUNIPARTHENOPE